书目信息 |
| 题名: |
信息德育论
|
|
| 作者: | 霍福广 , 刘社欣 著 | |
| 分册: | ||
| 出版信息: | 北京 人民出版社 2008.01 |
|
| 页数: | 275页 | |
| 开本: | 23cm | |
| 丛书名: | 当代高校德育研究丛书 | |
| 单 册: | ||
| 中图分类: | G641 | |
| 科图分类: | ||
| 主题词: | 大学生--da xue sheng--思想政治教育--研究--中国 | |
| 电子资源: | ||
| ISBN: | 978-7-01-006734-6 | |
| 000 | 01225nam 2200301 450 | |
| 001 | 012009765516 | |
| 005 | 20090820145735.96 | |
| 010 | @a978-7-01-006734-6@dCNY31.00 | |
| 100 | @a20090820d2008 em y0chiy0120 ea | |
| 101 | 0 | @achi |
| 102 | @aCN@b110000 | |
| 105 | @ay a 000yy | |
| 106 | @ar | |
| 200 | 1 | @a信息德育论@Axin xi de yu lun@e大学生信息素养与思想政治教育信息化研究@f霍福广, 刘社欣等著@Fhuo fu guang,liu she xin deng zhu |
| 210 | @a北京@c人民出版社@d2008.01 | |
| 215 | @a275页@d23cm | |
| 225 | 2 | @a当代高校德育研究丛书@Adang dai gao xiao de yu yan jiu cong shu |
| 300 | @a广东省哲学社会科学“十五”规划特别委托项目 广东省教育厅委托项目 | |
| 320 | @a有书目 (第271-273页) | |
| 330 | @a本书具体包括了:高校信息德育的发展与特点、高校信息德育的体系与模式建构、大学生的信息行为与特点等方面的内容。 | |
| 410 | 0 | @12001 @a当代高校德育研究丛书 |
| 517 | 1 | @a大学生信息素养与思想政治教育信息化研究@Ada xue sheng xin xi su yang yu si xiang zheng zhi jiao yu xin xi hua yan jiu |
| 606 | 0 | @a大学生@Ada xue sheng@x思想政治教育@x研究@y中国 |
| 690 | @aG641@v4 | |
| 701 | 0 | @a霍福广@Ahuo fu guang@4著 |
| 701 | 0 | @a刘社欣@Aliu she xin@4著 |
| 801 | 0 | @aCN@bQSSK@c20090820 |
| 905 | @b751409-11@dG641@eH967@f3 | |
| 信息德育论:大学生信息素养与思想政治教育信息化研究/霍福广, 刘社欣等著.-北京:人民出版社,2008.01 |
| 275页;23cm.-(当代高校德育研究丛书) |
| 广东省哲学社会科学“十五”规划特别委托项目 广东省教育厅委托项目 |
| ISBN 978-7-01-006734-6:CNY31.00 |
| 本书具体包括了:高校信息德育的发展与特点、高校信息德育的体系与模式建构、大学生的信息行为与特点等方面的内容。 |
| ● |
| 相关链接 |
|
|
|
正题名:信息德育论
索取号:G641/H967
 
预约/预借
| 序号 | 登录号 | 条形码 | 馆藏地/架位号 | 状态 | 备注 |
| 1 | 751409 | 207514091 | 社科库409/409社科库 10排1列3层/ [索取号:G641/H967] | 在馆 | |
| 2 | 751410 | 207514108 | 社科库409/409社科库 10排1列4层/ [索取号:G641/H967] | 在馆 | |
| 3 | 751411 | 207514117 | 社科库409/409社科库 10排1列4层/ [索取号:G641/H967] | 在馆 |